• 首页
  • 本馆介绍
  • 公告通知
  • 最新文献
  • 馆藏检索
  • 电子资源
  • 读者导购
  • 参考咨询
  • 我的图书馆
  • 登录
  • 详细信息显示
  • 放入我的书架
  • 预约/预借图书
  • 作者相关作品
  • 分类相关作品
  • 丛书相关作品
  • 出版社相关作品

书目信息

  • 表格格式
  • 工作单格式
  • 卡片格式
题名:
一九七七年在北京举行的三次按劳分配理论讨论会纪要汇编
    
 
作者:
分册:  
出版信息: 北京   中国财政经济出版社  1978
页数: 58页
开本: 19cm
丛书名:
单 册:
中图分类: F046.1-53
科图分类:
主题词: 各尽所能,按劳分配--文集
电子资源:
ISBN:
000 00646nam0 2200205 45
001 0178001602
005 20060927154501.79
010    @dCNY0.18
091    @aCN@b4166.070
100    @a19950714d1978 em y0chiy0121 ea
101 0  @achi
102    @aCN@b110000
105    @ay z 100yy
200 10 @a一九七七年在北京举行的三次按劳分配理论讨论会纪要汇编@Ayi jiu qi qi nianzai bei jing ju xing de san ci an lao fen pei li lun tao lun hui ji yao hui bian
210    @a北京@c中国财政经济出版社@d1978
215    @a58页@d19cm
606    @a各尽所能,按劳分配@x文集
690    @aF046.1-53@v3
801  0 @aCN@bTSSF@c20060927
905    @a10447@dF046.1-53@e106
    
    一九七七年在北京举行的三次按劳分配理论讨论会纪要汇编.-北京:中国财政经济出版社,1978
    58页;19cm
    
    
    ISBN :CNY0.18
    
●
相关链接 在E读中查询图书 在五车中查询图书 在当当中查询图书 在豆瓣中查询图书


正题名:一九七七年在北京举行的三次按劳分配理论讨论会纪要汇编     索取号:F046.1-53/106         预约/预借

序号 登录号 条形码 馆藏地/架位号 状态 备注
1 0422330   204223303   密集书库/ [索取号:F046.1-53/106] 在馆    
唐山师范学院图书馆 欢迎您!
大连网信软件有限公司© 版权所有